000 01239nam a22003617a 4500
003 CHAP
005 20220329133901.0
008 971013s1973 r 00010 d
010 _a12232
011 _a13204
035 _a17275
040 _cCHAP
082 _a338.1
_bH38
100 0 0 _aHaswell, Margaret R.
_953057
245 _aTropical farming economics
260 _aLondon :
_bLongman,
_c1973
300 _a174 p.
490 _aTropical agricultural series
590 _aBATCH-UPD
_b10
_c20130110
_lUCH01
_h0017
590 _aBATCH-UPD
_b10
_c20130110
_lUCH01
_h1035
590 _aBATCH-UPD
_b10
_c20130409
_lUCH01
_h1955
590 _aBATCH-UPD
_b10
_c20130410
_lUCH01
_h0636
590 _aBATCH-UPD
_b10
_c20130913
_lUCH01
_h2019
590 _aCONVERSION
_b10
_c20130109
_lUCH01
_h1308
650 1 4 _aAgricultura
_xAspectos económicos
_xPaíses subdesarrollados.
_91281
650 1 4 _aAgricultura
_xTrópicos.
_91888
650 1 4 _aPaíses subdesarrollados
_xCondiciones económicas.
_985152
830 0 _aTropical agricultural series
_9115301
901 _aBK
942 _cLIBRO
949 _a338.1 H38
_bBC
_cLIBRO
_d33724000343489
_eLIBRO
_h35505
_i17275
_si
949 _a338.1 H38
_bBC
_cLIBRO
_d33724000343497
_eLIBRO
_fc.2
_h46611
_i17275
_si
999 _c12232
_d12232